THE HEALING POWER OF WATER (Record no. 57609)

000 -LEADER
fixed length control field 00498nam a22001817a 4500
003 - CONTROL NUMBER IDENTIFIER
control field MPLRDC
005 - DATE AND TIME OF LATEST TRANSACTION
control field 20220104165819.0
008 - FIXED-LENGTH DATA ELEMENTS--GENERAL INFORMATION
fixed length control field 210129b ||||| |||| 00| 0 eng d
020 ## - INTERNATIONAL STANDARD BOOK NUMBER
International Standard Book Number 978-1-4019-0877-5
082 ## - DEWEY DECIMAL CLASSIFICATION NUMBER
Classification number 191 JBS-3
100 ## - MAIN ENTRY--PERSONAL NAME
Personal name 江本胜 MASARU EMOTO
245 ## - TITLE STATEMENT
Title THE HEALING POWER OF WATER
Statement of responsibility, etc. TRANSLATED BY SONIA AICHI, INES RUSTEBERG
250 ## - EDITION STATEMENT
Edition statement 1ST ED.
260 ## - PUBLICATION, DISTRIBUTION, ETC.
Place of publication, distribution, etc. U.S.A.
Name of publisher, distributor, etc. HAY HOUSE INC.
Date of publication, distribution, etc. 2007
300 ## - PHYSICAL DESCRIPTION
Other physical details 275
650 ## - SUBJECT ADDED ENTRY--TOPICAL TERM
Topical term or geographic name entry element PHILOSOPHY--WATER ,
942 ## - ADDED ENTRY ELEMENTS (KOHA)
Koha item type Book
-- 191 JBS-3
Holdings
Withdrawn status Lost status Source of classification or shelving scheme Damaged status Not for loan Collection code Home library Current library Shelving location Date acquired Cost, normal purchase price Total Checkouts Full call number Barcode Date last seen Date last checked out Price effective from Koha item type Public note
            Malaysian Public Library, Research and Development Centre Malaysian Public Library, Research and Development Centre   10/12/2007 10.00   191 JBS-3 E0002072 18/03/2021 15/01/2014 18/03/2021 Book mplrdc

© 2022. Malaysian Public Library, Research and Development Centre. All Right ReservedE-mailmplrdc@help.edu.my 

Powered by Koha